000 00444nam a2200145 i 4500
001 52913
003 ES-MaACL
007 t|
008 030910s1923 fr ||||1| fre d
100 1 _aDelaporte, Louis.
_943319
245 1 3 _aLa Mesopotamie
_b: les civilisations babylonienne et assyrienne /
_cpar Louis Delaporte.
260 _aParis :
_b[s.n.],
_c1923 (
_eCorbeil :
_fCrété)
300 _aXIV, 420 p. ;
_c21 cm.
852 _aES-MaACL
_jB-3105
999 _c52913
_d52913